000 00342 a2200157 4500
001 180584
020 _a
040 _cMagnum
100 _aLima, Edy
240 1 0 _aComo pagar a divida sem fim
_lpor
245 1 0 _aComo pagar a divida sem fim
362 0 _a1899
440 1 _aMelhoramentos
697 _aMAGNITO: IJ/ANIMAIS
942 _cBK
999 _c180584
_d180584